000 02211cam a22006134i 4500
003 PE-LiUPU
005 20250731170416.0
008 150623s r 000 0 d
020 _a0802843123
035 _a(Sirsi) i9780802843128
040 _aPE-LiUPU
_bspa
_cPE-LiUPU
_erda
049 _aPRUA
082 0 4 _a171
_bH71
_221
100 1 _aHolmes, Arthur Frank,
_eautor.
245 1 0 _aFact, value, and God /
_cArthur Frank Holmes.
264 1 _aMichigan :
_bWilliam B. Eerdmans Publishing Company,
_c1997.
300 _a183 páginas ;
_c23 centímetros
336 _atext
_2rdacontent
337 _aunmediated
_2rdamedia
338 _avolume
_2rdacarrier
504 _aBibliografía al pie de páginas.
505 0 _aCosmic justice and the pre-socratics. -Plato and the improvement of the Soul. -Aristotle and nature's teleology. -The divine logos and the goodness of creation. -Augustine: God and the Soul. -Thomas Aquinas: a creational ethic. -Scotus, Ockham, and the reformers: what God commands. -Right reason and the scientific revolution. -Human nature and moral teleology. -Kant'smoral worldview. -Hegel: idealist ethics. -Ethics as empirical science. -Nietzche: fact and value with no God. -Retrospect. -Index.
526 _aSEG68
526 _aSEG70
526 _aSEG69
526 _aSEG67
526 _aSEG43
526 _aP144
526 _aP143
526 _aP131
526 _aP122
526 _aP120
526 _aP117
526 _aP112
526 _aP110
526 _aP106
526 _aP101
526 _aP80
526 _aP59
526 _aP54
526 _aP35
526 _aP33
526 _aP30
650 0 4 _aDios.
_93786
650 0 4 _aFilosofía.
650 0 4 _aPreguntas Frecuentes (Filosofía).
650 0 4 _aValores.
942 _2ddc
_cBOOK
949 _a171 H71
_wDEWEY
_c1
_i44448
_lCCODEBUL1
_mBUL
_r0
_sY
_tBOOK
_u2015-6-24
_xTEOLOGIA
_PP35
_0COMPRA
_o.STAFF. Colección General
994 _aC0
_bPEPRU
596 _a1
999 _a171 H71
_wDEWEY
_c21326
_i44448
_f2021-11-9
_g5
_lCCODEBUL1
_mBUL
_r0
_sY
_tBOOK
_u2015-6-24
_xTEOLOGIA
_PP35
_0COMPRA
_o.STAFF. Colección General
_d21326
980 _81
_gALBERTO SANCHEZ Responsable de Automatización